[Event "Bangkok Rooky op"]
[Site "Bangkok"]
[Date "2023.10.23"]
[Round "7"]
[White "Kieu, Bich Thuy"]
[Black "Chua, Jia Tien"]
[Result "1/2-1/2"]
[WhiteElo "1890"]
[BlackElo "1847"]
[PlyCount "72"]
[EventDate "2023.10.20"]
[EventType "swiss"]
[EventRounds "7"]
[EventCountry "THA"]
[SourceTitle "Mega2024 Update 01"]
[Source "Chessbase"]
[SourceDate "2023.11.12"]
[SourceVersion "1"]
[SourceVersionDate "2023.11.12"]
[SourceQuality "1"]

1. d4 d5 2. c4 e6 3. Nc3 c5 4. e3 Nf6 5. Nf3 Nc6 6. cxd5 exd5 7. dxc5 Bxc5 8. Be2 0-0 9. 0-0 a6 10. a3 b5 11. b4 Ba7 12. Bb2 Be6 13. a4 Nxb4 14. axb5 axb5 15. Nxb5 Bc5 16. Rxa8 Qxa8 17. Bxf6 gxf6 18. Nbd4 Kh8 19. Qa1 Qb7 20. Nf5 Be7 21. Nxe7 Qxe7 22. Qa3 Nc6 23. Qxe7 Nxe7 24. Nd4 Rc8 25. Bf3 Kg7 26. h3 f5 27. Rd1 Kf6 28. g3 Bd7 29. Kg2 Be6 30. Ra1 Nc6 31. Nxc6 Rxc6 32. Rd1 Ke5 33. Rd4 Rc4 34. Rd2 d4 35. exd4+ Rxd4 36. Rxd4 Kxd4 1/2-1/2

[Event "Bangkok Rooky op"]
[Site "Bangkok"]
[Date "2023.10.20"]
[Round "1"]
[White "Kieu, Bich Thuy"]
[Black "Jeeradit, Metha"]
[Result "1-0"]
[WhiteElo "1890"]
[BlackElo "1306"]
[PlyCount "87"]
[EventDate "2023.10.20"]
[EventType "swiss"]
[EventRounds "7"]
[EventCountry "THA"]
[SourceTitle "Mega2024 Update 01"]
[Source "Chessbase"]
[SourceDate "2023.11.12"]
[SourceVersion "1"]
[SourceVersionDate "2023.11.12"]
[SourceQuality "1"]

1. d4 d5 2. c4 e6 3. Nc3 Nf6 4. Nf3 a6 5. e3 Nbd7 6. cxd5 exd5 7. Bd3 Bd6 8. 0-0 0-0 9. Rb1 Re8 10. b4 b6 11. b5 a5 12. Qb3 Nf8 13. Ba3 Be6 14. Rfc1 Ne4 15. Bxd6 Qxd6 16. Ne2 Ng6 17. Rc6 Qd8 18. Rbc1 Rc8 19. Qc2 Re7 20. Ng3 f5 21. a4 Qd7 22. Bxe4 fxe4 23. Ng5 Nf8 24. Nxe6 Nxe6 25. Rxb6 Nd8 26. Ra6 Nb7 27. Qc6 Qxc6 28. bxc6 Nd6 29. Rxa5 Nc4 30. Rxd5 Nb6 31. Ra5 g6 32. Ra1 Re6 33. Rc5 Ra8 34. a5 Nc8 35. a6 Ne7 36. d5 Re5 37. Raa5 Kf7 38. Rcb5 Kf6 39. h3 h5 40. Ne2 g5 41. Nc3 Kf5 42. a7 g4 43. Rb8 Nxc6 44. Rxa8 1-0

[Event "VIE-ch (Women)"]
[Site "Ha Tien"]
[Date "2023.09.15"]
[Round "5"]
[White "Huynh, Le Khanh Ngoc"]
[Black "Kieu, Bich Thuy"]
[Result "0-1"]
[WhiteElo "1410"]
[BlackElo "1921"]
[PlyCount "56"]
[EventDate "2023.09.13"]
[EventType "swiss"]
[EventRounds "9"]
[EventCountry "VIE"]
[SourceTitle "EXT 2024"]
[Source "ChessBase"]
[SourceDate "2023.10.10"]
[SourceVersion "1"]
[SourceVersionDate "2023.10.10"]
[SourceQuality "1"]

1. e4 g6 2. d4 Bg7 3. Nc3 d6 4. Be3 Nf6 5. f3 0-0 6. Qd2 c6 7. 0-0-0 b5 8. Bh6 Qa5 9. h4 Be6 10. b3 Bxh6 11. Qxh6 Qxc3 12. Ne2 Qa1+ 13. Kd2 Qxa2 14. Nc3 Qa5 15. h5 Nbd7 16. hxg6 fxg6 17. Bd3 Bf7 18. f4 e5 19. f5 exd4 20. g4 Ne5 21. g5 Qxc3+ 22. Ke2 Neg4 23. Qh4 Nh5 24. Qxg4 Rae8 25. Rde1 gxf5 26. Qf3 fxe4 27. Bxe4 Rxe4+ 28. Qxe4 Ng3+ 0-1

[Event "VIE-ch (Women)"]
[Site "Vung Tau"]
[Date "2023.03.03"]
[Round "1"]
[White "Kieu, Bich Thuy"]
[Black "Vu, Nguyen Bao Linh"]
[Result "1-0"]
[WhiteElo "1889"]
[BlackElo "1376"]
[PlyCount "81"]
[EventDate "2023.03.03"]
[EventType "swiss"]
[EventRounds "9"]
[EventCountry "VIE"]
[SourceTitle "EXT 2024"]
[Source "ChessBase"]
[SourceDate "2023.10.10"]
[SourceVersion "1"]
[SourceVersionDate "2023.10.10"]
[SourceQuality "1"]

1. d4 d5 2. c4 e6 3. Nc3 Nf6 4. Bg5 Be7 5. e3 0-0 6. Nf3 c6 7. Bd3 Nbd7 8. 0-0 dxc4 9. Bxc4 Nd5 10. Bxe7 Qxe7 11. e4 Nxc3 12. bxc3 e5 13. Re1 Rd8 14. h3 exd4 15. cxd4 Nb6 16. Bb3 Be6 17. a4 a5 18. Bxe6 Qxe6 19. Rb1 c5 20. d5 Qd6 21. Qb3 Ra6 22. Qc2 c4 23. e5 Qg6 24. Qxg6 hxg6 25. d6 Rd7 26. Re4 c3 27. Rc1 Nd5 28. Rd4 Nb4 29. Rxc3 Nc6 30. Rd5 Ra8 31. Nd4 Nxd4 32. Rxd4 Kf8 33. Rd5 Ke8 34. Rb3 Ra6 35. Rdb5 f6 36. f4 fxe5 37. fxe5 Ra7 38. Kf2 Kf7 39. Ke3 Ke6 40. Ke4 Rf7 41. Rg3 1-0

[Event "VIE-ch (Women)"]
[Site "Vung Tau"]
[Date "2023.03.03"]
[Round "2"]
[White "Nguyen, Hoang Bao Tram"]
[Black "Kieu, Bich Thuy"]
[Result "0-1"]
[WhiteElo "1997"]
[BlackElo "1889"]
[PlyCount "60"]
[EventDate "2023.03.03"]
[EventType "swiss"]
[EventRounds "9"]
[EventCountry "VIE"]
[SourceTitle "EXT 2024"]
[Source "ChessBase"]
[SourceDate "2023.10.10"]
[SourceVersion "1"]
[SourceVersionDate "2023.10.10"]
[SourceQuality "1"]

1. d4 Nf6 2. c4 g6 3. Nf3 Bg7 4. Nc3 d6 5. Bf4 0-0 6. e3 c5 7. d5 Qa5 8. Bd3 Nh5 9. Qc2 Nxf4 10. exf4 Na6 11. 0-0 Nb4 12. Qd2 Nxd3 13. Qxd3 Qb4 14. Rab1 b5 15. Nd2 bxc4 16. Qe3 Bf5 17. Nde4 Rab8 18. h3 h5 19. Rfe1 Rb7 20. a3 Qa5 21. Qe2 Rfb8 22. Rec1 Rb3 23. g4 Bxe4 24. Qxe4 Bxc3 25. Rxc3 Rxc3 26. bxc3 Rxb1+ 27. Qxb1 Qxc3 28. Qb8+ Kg7 29. Qxa7 Qe1+ 30. Kg2 c3 0-1

[Event "Hanoi op (Women)"]
[Site "Hanoi"]
[Date "2022.08.24"]
[Round "5"]
[White "Kieu, Bich Thuy"]
[Black "Le, Thai Nga"]
[Result "1/2-1/2"]
[WhiteElo "1910"]
[BlackElo "1937"]
[PlyCount "96"]
[EventDate "2022.08.20"]
[EventType "swiss"]
[EventRounds "9"]
[EventCountry "VIE"]
[SourceTitle "CBM 209 Extra"]
[Source "ChessBase"]
[SourceDate "2022.09.30"]
[SourceVersion "1"]
[SourceVersionDate "2022.09.30"]
[SourceQuality "1"]

1. d4 d5 2. c4 e6 3. Nc3 f5 4. e3 Nf6 5. Bd3 c6 6. Qc2 Bd6 7. Nge2 0-0 8. f3 Kh8 9. Bd2 Na6 10. a3 dxc4 11. Bxc4 Nc7 12. 0-0 e5 13. Rad1 Qe7 14. Rfe1 e4 15. Ng3 a5 16. a4 Bd7 17. Nce2 b5 18. Bb3 Ncd5 19. fxe4 fxe4 20. axb5 Nb4 21. Bxb4 Bxb4 22. Rf1 cxb5 23. Nf4 Rac8 24. Qb1 Ng4 25. Rde1 Bxe1 26. Qxe1 a4 27. Bd1 g5 28. Bxg4 Bxg4 29. Nd5 Qe6 30. Nc3 Bf5 31. Nxb5 Bg6 32. Nc3 Rxf1+ 33. Qxf1 Ra8 34. Nxa4 Qa6 35. Qxa6 Rxa6 36. Nc3 Re6 37. Na4 h5 38. Nc5 Re8 39. Kf2 h4 40. Ne2 Kg7 41. Nc3 g4 42. b4 Rf8+ 43. Ke2 Rb8 44. b5 Be8 45. N5xe4 Bxb5+ 46. Nxb5 Rxb5 47. Nf2 Rb2+ 48. Kf1 Rb1+ 1/2-1/2

[Event "Hanoi op (Women)"]
[Site "Hanoi"]
[Date "2022.08.23"]
[Round "4"]
[White "Nguyen, Thanh Thuy Tien"]
[Black "Kieu, Bich Thuy"]
[Result "0-1"]
[WhiteElo "1923"]
[BlackElo "1910"]
[PlyCount "66"]
[EventDate "2022.08.20"]
[EventType "swiss"]
[EventRounds "9"]
[EventCountry "VIE"]
[SourceTitle "CBM 209 Extra"]
[Source "ChessBase"]
[SourceDate "2022.09.30"]
[SourceVersion "1"]
[SourceVersionDate "2022.09.30"]
[SourceQuality "1"]

1. e4 g6 2. d4 Bg7 3. f4 d6 4. Nc3 Nf6 5. Nf3 0-0 6. Bd3 Nc6 7. e5 dxe5 8. dxe5 Nh5 9. Qe2 Bg4 10. Qf2 f6 11. Bc4+ Kh8 12. Nh4 Qd4 13. h3 Bc8 14. Qxd4 Nxd4 15. 0-0 fxe5 16. Nd5 Be6 17. f5 gxf5 18. Bg5 b5 19. Bxe7 Rf7 20. Nxc7 Bxc4 21. Nxa8 Bxf1 22. c3 Bd3 23. cxd4 Rxe7 24. d5 Rd7 25. Rc1 Bf6 26. Rc8+ Rd8 27. Rxd8+ Bxd8 28. Nf3 Be4 29. Nxe5 Bxd5 30. g4 fxg4 31. hxg4 Nf4 32. Kf2 Kg7 33. Kg3 Ng6 0-1

[Event "Hanoi FM Rating 04"]
[Site "Hanoi"]
[Date "2022.04.09"]
[Round "3"]
[White "Kieu, Bich Thuy"]
[Black "Nguyen, Hong Ngoc"]
[Result "1-0"]
[WhiteElo "1939"]
[BlackElo "1926"]
[PlyCount "87"]
[EventDate "2022.04.08"]
[EventType "swiss"]
[EventRounds "7"]
[EventCountry "VIE"]
[SourceTitle "EXT 2023"]
[Source "ChessBase"]
[SourceDate "2022.10.05"]
[SourceVersion "1"]
[SourceVersionDate "2022.10.05"]
[SourceQuality "1"]

1. d4 d5 2. c4 c6 3. Nc3 Nf6 4. Bf4 g6 5. e3 Bg7 6. h3 0-0 7. Nf3 Nbd7 8. Be2 dxc4 9. Bxc4 b5 10. Be2 Bb7 11. 0-0 a6 12. b4 Nd5 13. Nxd5 cxd5 14. a4 bxa4 15. Qxa4 f6 16. Rfc1 e5 17. Bg3 Rf7 18. Ra2 Nb6 19. Qa5 Nc4 20. Qxd8+ Rxd8 21. Bxc4 dxc4 22. dxe5 fxe5 23. Nxe5 Bxe5 24. Bxe5 Rfd7 25. Bd4 Rd6 26. Ra5 Bd5 27. Rca1 Bb7 28. Rc5 Rc8 29. Rc1 Rdc6 30. R1xc4 Kf7 31. f3 Rxc5 32. Bxc5 Ke6 33. Rd4 Bc6 34. Kf2 Bb5 35. Rd6+ Kf7 36. g4 a5 37. Rb6 Bd7 38. Kg3 a4 39. Ra6 Rc7 40. Kf4 Bb5 41. Ra5 Bd7 42. Ke5 h5 43. gxh5 gxh5 44. h4 1-0

[Event "Hanoi FM Rating 04"]
[Site "Hanoi"]
[Date "2022.04.08"]
[Round "1"]
[White "Nguyen, Hoang Duc"]
[Black "Kieu, Bich Thuy"]
[Result "1-0"]
[WhiteElo "2119"]
[BlackElo "1939"]
[PlyCount "77"]
[EventDate "2022.04.08"]
[EventType "swiss"]
[EventRounds "7"]
[EventCountry "VIE"]
[SourceTitle "EXT 2023"]
[Source "ChessBase"]
[SourceDate "2022.10.05"]
[SourceVersion "1"]
[SourceVersionDate "2022.10.05"]
[SourceQuality "1"]

1. e4 g6 2. d4 Bg7 3. Nc3 d6 4. f4 Nf6 5. Nf3 0-0 6. e5 dxe5 7. fxe5 Nh5 8. Be3 Nc6 9. Qd2 f6 10. exf6 exf6 11. 0-0-0 Ne7 12. Bc4+ Kh8 13. h3 Ng3 14. Rhe1 c6 15. Bf4 Ngf5 16. g4 Nd6 17. Bb3 Nf7 18. d5 cxd5 19. Nxd5 Nxd5 20. Bxd5 g5 21. Bxf7 Qxd2+ 22. Bxd2 Rxf7 23. Re8+ Rf8 24. Rxf8+ Bxf8 25. Bc3 Kg7 26. Nxg5 Kg6 27. Nf3 Be6 28. b3 Rc8 29. Bb2 Bh6+ 30. Kb1 Bf4 31. Rf1 Bd5 32. Nh4+ Kg5 33. Bxf6+ Kxf6 34. Rxf4+ Kg5 35. Rf5+ Kxh4 36. Rxd5 Kxh3 37. Rh5+ Kxg4 38. Rxh7 Rb8 39. Rf7 1-0

[Event "VIE-ch (Women)"]
[Site "Ho Chi Minh City"]
[Date "2021.03.29"]
[Round "8"]
[White "Bach, Ngoc Thuy Duong"]
[Black "Kieu, Bich Thuy"]
[Result "1-0"]
[WhiteElo "2271"]
[BlackElo "1953"]
[PlyCount "73"]
[EventDate "2021.03.24"]
[EventType "swiss"]
[EventRounds "9"]
[EventCountry "VIE"]
[SourceTitle "EXT 2022"]
[Source "ChessBase"]
[SourceDate "2021.10.06"]
[SourceVersion "1"]
[SourceVersionDate "2021.10.06"]
[SourceQuality "1"]

1. d4 Nf6 2. c4 g6 3. Nc3 Bg7 4. e4 d6 5. Nf3 0-0 6. h3 e5 7. d5 c6 8. Bg5 Qc7 9. Qd2 Na6 10. Rd1 c5 11. g4 Qa5 12. Bd3 Nc7 13. Ke2 a6 14. Ne1 b5 15. b3 Rb8 16. f3 Bd7 17. Rb1 Rb7 18. Ng2 bxc4 19. bxc4 Rfb8 20. Rxb7 Rxb7 21. Rb1 Rxb1 22. Nxb1 Qxd2+ 23. Bxd2 Nfe8 24. Ba5 Kf8 25. Nc3 Ke7 26. Bc2 Bh6 27. Na4 Na8 28. Ne1 Bf8 29. Nd3 f6 30. Naxc5 dxc5 31. Nxc5 Bc8 32. Ba4 Nd6 33. Kd3 Nb7 34. Nxb7 Bxb7 35. c5 Kf7 36. d6 Ke6 37. d7 1-0

[Event "VIE-ch (Women)"]
[Site "Ho Chi Minh City"]
[Date "2021.03.25"]
[Round "3"]
[White "Kieu, Bich Thuy"]
[Black "Vo, Mai Truc"]
[Result "1/2-1/2"]
[WhiteElo "1953"]
[BlackElo "1747"]
[PlyCount "80"]
[EventDate "2021.03.24"]
[EventType "swiss"]
[EventRounds "9"]
[EventCountry "VIE"]
[SourceTitle "EXT 2022"]
[Source "ChessBase"]
[SourceDate "2021.10.06"]
[SourceVersion "1"]
[SourceVersionDate "2021.10.06"]
[SourceQuality "1"]

1. d4 d5 2. c4 dxc4 3. Nc3 c6 4. a4 Nf6 5. e3 Bf5 6. Bxc4 e6 7. Nf3 Be7 8. 0-0 0-0 9. h3 Nbd7 10. Nh4 Bg6 11. Nxg6 hxg6 12. e4 Nb6 13. Bb3 c5 14. Be3 cxd4 15. Bxd4 Nbd7 16. e5 Ne8 17. Ne4 b6 18. Rc1 Rc8 19. Qe2 Nc5 20. Nxc5 Bxc5 21. Bxc5 Rxc5 22. Rxc5 bxc5 23. Rc1 Qb6 24. Qe3 Nc7 25. Rxc5 Rd8 26. Rc3 Qb7 27. Qf3 Nd5 28. Rc5 Qb6 29. Rc2 Nb4 30. Rc3 Nd5 31. Rc1 Qb8 32. Qg3 Nb4 33. Bc4 a5 34. Qe3 Rc8 35. b3 Qc7 36. Rd1 Rd8 37. Rxd8+ Qxd8 38. Qc5 Nc2 39. Kh2 Qd2 40. Qb6 Qf4+ 1/2-1/2

[Event "VIE-chT (Women)"]
[Site "Bac Giang"]
[Date "2020.06.09"]
[Round "6.5"]
[White "Chau, Thi Ngoc Giao"]
[Black "Kieu, Bich Thuy"]
[Result "1-0"]
[WhiteElo "2137"]
[BlackElo "1946"]
[PlyCount "75"]
[EventDate "2020.06.06"]
[EventType "swiss"]
[EventRounds "9"]
[EventCountry "VIE"]
[SourceTitle "CBM 197 Extra"]
[Source "ChessBase"]
[SourceDate "2020.09.30"]
[SourceVersion "1"]
[SourceVersionDate "2020.09.30"]
[SourceQuality "1"]

1. d4 Nf6 2. c4 g6 3. Nc3 Bg7 4. e4 d6 5. Nf3 0-0 6. Be2 e5 7. Be3 Nc6 8. d5 Ne7 9. Nd2 Ne8 10. 0-0 f5 11. f3 f4 12. Bf2 g5 13. b4 h5 14. c5 Ng6 15. Nc4 Rf7 16. cxd6 cxd6 17. Nb5 b6 18. a4 Ba6 19. Ncxd6 Nxd6 20. Nxd6 Qxd6 21. Bxa6 g4 22. Be1 Nf8 23. Rc1 Rd8 24. Qe2 Qg6 25. Kh1 Nd7 26. Bh4 Bf6 27. Bxf6 Nxf6 28. Bc8 Kh8 29. Rc6 Qg5 30. Qc2 h4 31. Be6 Rff8 32. Qe2 h3 33. fxg4 hxg2+ 34. Qxg2 Qh4 35. Rc3 Kg7 36. g5 Nh7 37. Rh3 f3 38. Qc2 1-0

[Event "VIE-chT (Women)"]
[Site "Bac Giang"]
[Date "2020.06.08"]
[Round "4.11"]
[White "Tran, Thi Diem Quynh"]
[Black "Kieu, Bich Thuy"]
[Result "0-1"]
[WhiteElo "1834"]
[BlackElo "1946"]
[PlyCount "108"]
[EventDate "2020.06.06"]
[EventType "swiss"]
[EventRounds "9"]
[EventCountry "VIE"]
[SourceTitle "CBM 197 Extra"]
[Source "ChessBase"]
[SourceDate "2020.09.30"]
[SourceVersion "1"]
[SourceVersionDate "2020.09.30"]
[SourceQuality "1"]

1. e4 d6 2. d4 Nf6 3. Bd3 g6 4. c4 Bg7 5. Nc3 0-0 6. Be2 e5 7. Bg5 exd4 8. Qxd4 h6 9. Bh4 Nc6 10. Qd1 g5 11. Bg3 Re8 12. f3 Nh5 13. Qd2 Nd4 14. 0-0-0 Be6 15. Bd3 b5 16. Nge2 Nxe2+ 17. Qxe2 bxc4 18. Bxc4 Nxg3 19. hxg3 Bxc4 20. Qxc4 Rb8 21. Rd5 Qd7 22. Rhd1 Be5 23. Rc5 Rb7 24. g4 Qe7 25. Rb5 c6 26. Rb3 Rxb3 27. axb3 Qb7 28. Kc2 Rb8 29. Ne2 Qb4 30. Nd4 Qxc4+ 31. bxc4 c5 32. Nb3 Rb4 33. Ra1 Rxc4+ 34. Kd3 Rb4 35. Nd2 Rxb2 36. Rxa7 Bf4 37. Nc4 Rxg2 38. e5 Bxe5 39. Nxe5 dxe5 40. Rc7 Rf2 41. Ke4 Re2+ 42. Kd3 Rf2 43. Ke4 Rc2 44. Kxe5 Rc4 45. Rc8+ Kg7 46. Rc7 Rf4 47. Rxc5 Rxf3 48. Rc4 Kg6 49. Rc1 f6+ 50. Ke6 Rf4 51. Rc8 Re4+ 52. Kd5 Rxg4 53. Rg8+ Kf5 54. Rh8 Rh4 0-1

[Event "VIE-ch U20 Girls"]
[Site "Hanoi"]
[Date "2020.??.??"]
[Round "9"]
[White "Vu, Thi Dieu Uyen"]
[Black "Kieu, Bich Thuy"]
[Result "1-0"]
[WhiteElo "1757"]
[BlackElo "1946"]
[PlyCount "93"]
[EventDate "2020.10.22"]
[EventType "tourn"]
[EventRounds "9"]
[EventCountry "VIE"]
[SourceTitle "EXT 2022"]
[Source "ChessBase"]
[SourceDate "2021.10.06"]
[SourceVersion "1"]
[SourceVersionDate "2021.10.06"]
[SourceQuality "1"]

1. c4 Nf6 2. g3 g6 3. Bg2 Bg7 4. Nc3 d6 5. e4 c5 6. Nge2 Nc6 7. 0-0 0-0 8. d3 Rb8 9. Rb1 a6 10. a3 e5 11. h3 Be6 12. Bg5 Qd7 13. Kh2 b5 14. Nd5 Ne8 15. Be3 f5 16. exf5 Bxf5 17. g4 Be6 18. Ng3 Kh8 19. b4 Nd4 20. Rc1 bxc4 21. bxc5 dxc5 22. dxc4 Nc7 23. Ne4 Nxd5 24. cxd5 Bxd5 25. Rxc5 Bb3 26. Qd2 Rbc8 27. Rfc1 Rxc5 28. Nxc5 Qb5 29. Qb4 Qxb4 30. axb4 Ba2 31. Nxa6 Bf6 32. Bh6 Rd8 33. Bb7 g5 34. Be4 Ne6 35. b5 Rd2 36. b6 Rxf2+ 37. Kg1 Rb2 38. b7 Nf4 39. Rc8+ Bg8 40. b8Q Nxh3+ 41. Kf1 Rxb8 42. Rxb8 Nf4 43. Nb4 Ng6 44. Bd5 Ne7 45. Bxg8 Nxg8 46. Nd5 Bg7 47. Ne7 1-0

[Event "ASEAN-ch (Women) 4th"]
[Site "Bac Giang"]
[Date "2019.10.28"]
[Round "5"]
[White "Tran, Le Dan Thuy"]
[Black "Kieu, Bich Thuy"]
[Result "1-0"]
[WhiteElo "2005"]
[BlackElo "1940"]
[PlyCount "67"]
[EventDate "2019.10.25"]
[EventType "swiss"]
[EventRounds "9"]
[EventCountry "VIE"]
[SourceTitle "CBM 192 Extra"]
[Source "Chessbase"]
[SourceDate "2019.11.06"]
[SourceVersion "1"]
[SourceVersionDate "2019.11.06"]
[SourceQuality "1"]

1. e4 d6 2. d4 g6 3. f4 Bg7 4. Nf3 Nf6 5. Bd3 0-0 6. 0-0 c5 7. e5 Ng4 8. h3 Nh6 9. dxc5 dxc5 10. Be3 Qc7 11. Qe2 Nf5 12. Bf2 h5 13. Nc3 Rd8 14. Rad1 Nc6 15. Nb5 Qb6 16. c3 a6 17. Na3 Qc7 18. Nc4 b6 19. Ne3 Nxe3 20. Bxe3 e6 21. g4 hxg4 22. hxg4 Ne7 23. Ng5 Bb7 24. Qh2 c4 25. Bxg6 Nxg6 26. Qh7+ Kf8 27. Qxg6 Qe7 28. Qh5 Rd3 29. Rxd3 cxd3 30. Rd1 Rd8 31. Bxb6 Rd7 32. b4 Ke8 33. Bc5 Qd8 34. Nxe6 1-0

[Event "ASEAN-ch (Women) 4th"]
[Site "Bac Giang"]
[Date "2019.10.26"]
[Round "2"]
[White "Nguyen, Thi Thanh An"]
[Black "Kieu, Bich Thuy"]
[Result "1-0"]
[WhiteElo "2280"]
[BlackElo "1940"]
[PlyCount "68"]
[EventDate "2019.10.25"]
[EventType "swiss"]
[EventRounds "9"]
[EventCountry "VIE"]
[SourceTitle "CBM 192 Extra"]
[Source "Chessbase"]
[SourceDate "2019.11.06"]
[SourceVersion "1"]
[SourceVersionDate "2019.11.06"]
[SourceQuality "1"]

1. d4 Nf6 2. c4 g6 3. Nc3 Bg7 4. e4 d6 5. f3 0-0 6. Bg5 Nbd7 7. Qd2 c5 8. d5 a6 9. Nh3 Rb8 10. Nf2 Qa5 11. a4 Ne5 12. f4 Neg4 13. Nxg4 Bxg4 14. Bd3 Rfe8 15. 0-0 Bd7 16. h3 Nh5 17. g4 Bd4+ 18. Kg2 Ng7 19. f5 f6 20. Bh6 g5 21. h4 gxh4 22. Rh1 Kf7 23. Rxh4 Rg8 24. Rah1 Rbf8 25. Kf3 Ke8 26. Bf4 Bxa4 27. Ra1 Bxc3 28. bxc3 b5 29. Rxh7 Kf7 30. g5 fxg5 31. Bxg5 Rh8 32. Rah1 Rxh7 33. Rxh7 Rg8 34. Bxe7 bxc4 1-0